Normal view
MARC view
- Usman Ahmed (00000276384)
Entry Personal Name
001 - CONTROL NUMBER
- control field: 116707
003 - CONTROL NUMBER IDENTIFIER
- control field: NUST
005 - DATE AND TIME OF LATEST TRANSACTION
- control field: 20230912170027.0
008 - FIXED-LENGTH DATA ELEMENTS
- fixed length control field: 230912|| aca||aabn | a|a d
040 ## - CATALOGING SOURCE
- Original cataloging agency: NUST
- Transcribing agency: NUST
100 ## - HEADING--PERSONAL NAME
- Personal name: Usman Ahmed (00000276384)
670 ## - SOURCE DATA FOUND
- Source citation: Work cat.: (NUST): Usman Ahmed (00000276384), FPGA Based Multi-Algorithm Relay for Islanding Detection in Smart-Grids /, 2022
